Conflicts of interest (Record no. 115880)
[ view plain ]
| 000 -LEADER | |
|---|---|
| fixed length control field | 01793cad a22003135a 4500 |
| 001 - CONTROL NUMBER | |
| control field | L159415 |
| 008 - FIXED-LENGTH DATA ELEMENTS--GENERAL INFORMATION | |
| fixed length control field | 170522s2017 xxk f 000 0 eng d |
| 020 ## - INTERNATIONAL STANDARD BOOK NUMBER | |
| International Standard Book Number | 978178321890 |
| 035 ## - SYSTEM CONTROL NUMBER | |
| System control number | (Sirsi) u159415 |
| 041 0# - LANGUAGE CODE | |
| Language code of text/sound track or separate title | eng |
| 110 2# - MAIN ENTRY--CORPORATE NAME | |
| Corporate name or jurisdiction name as entry element | Royal Institution of Chartered Surveyors |
| 9 (RLIN) | 4900 |
| 245 00 - TITLE STATEMENT | |
| Title | Conflicts of interest |
| Remainder of title | UK commercial property market investment agency |
| Medium | [electronic resource] |
| 250 ## - EDITION STATEMENT | |
| Edition statement | 1st edition |
| 260 ## - PUBLICATION, DISTRIBUTION, ETC. | |
| Place of publication, distribution, etc. | London |
| Name of publisher, distributor, etc. | RICS |
| Date of publication, distribution, etc. | 2017 |
| 490 #0 - SERIES STATEMENT | |
| Series statement | RICS Professional Statement |
| 490 #0 - SERIES STATEMENT | |
| Series statement | RICS Professional Standard |
| 520 ## - SUMMARY, ETC. | |
| Summary, etc. | Provides RICS members and RICS regulated firms with mandatory requirements when acting on the open market sale or acquisition of a commercial investment real estate opportunity in order to avoid conflicts of interest prejudicial to their clients' best interests. It covers dual agency including related firms, multiple introductions and incremental advice. To be read in conjunction with Global Professional Statement Conflicts of Interest L159399. |
| 520 ## - SUMMARY, ETC. | |
| Summary, etc. | Effective from 1 January 2018 |
| 520 ## - SUMMARY, ETC. | |
| Summary, etc. | This professional statement was amended January 2022 to update references to the RICS Rules of Conduct and then also reissued in June 2024 as a professional standard. It had previously been published in 2017 as a professional statement. |
| 590 ## - LOCAL NOTE (RLIN) | |
| Local note | KA |
| 650 24 - SUBJECT ADDED ENTRY--TOPICAL TERM | |
| Topical term or geographic name entry element | RICS RULES OF CONDUCT |
| 650 24 - SUBJECT ADDED ENTRY--TOPICAL TERM | |
| Topical term or geographic name entry element | CONFLICTS OF INTEREST |
| 650 24 - SUBJECT ADDED ENTRY--TOPICAL TERM | |
| Topical term or geographic name entry element | DOUBLE DIPPING |
| 650 24 - SUBJECT ADDED ENTRY--TOPICAL TERM | |
| Topical term or geographic name entry element | DUAL AGENCY |
| 651 #4 - SUBJECT ADDED ENTRY--GEOGRAPHIC NAME | |
| Geographic name | United Kingdom |
| 690 ## - LOCAL SUBJECT ADDED ENTRY--TOPICAL TERM (OCLC, RLIN) | |
| Topical term or geographic name as entry element | Dispute resolution |
| 9 (RLIN) | 6236 |
| 856 40 - ELECTRONIC LOCATION AND ACCESS | |
| Uniform Resource Identifier | <a href="https://www.rics.org/profession-standards/rics-standards-and-guidance/sector-standards/real-estate-standards/conflicts-of-interest-uk-commercial-property-market-investment-agency">https://www.rics.org/profession-standards/rics-standards-and-guidance/sector-standards/real-estate-standards/conflicts-of-interest-uk-commercial-property-market-investment-agency</a> |
| Public note | View this Professional Statement at www.rics.org |
| 942 ## - ADDED ENTRY ELEMENTS (KOHA) | |
| Suppress in OPAC | 0 |
| Source of classification or shelving scheme | Dewey Decimal Classification |
| Withdrawn status | Lost status | Source of classification or shelving scheme | Damaged status | Not for loan | Home library | Current library | Shelving location | Date acquired | Total Checkouts | Full call number | Barcode | Date last seen | Copy number | Price effective from | Koha item type |
|---|---|---|---|---|---|---|---|---|---|---|---|---|---|---|---|
| Dewey Decimal Classification | Virtual | Virtual | Online | 22/05/2017 | ONLINE PUBLICATION | 159415-2001 | 06/08/2019 | 1 | 06/08/2019 | Book |